| 000 | 01332nam a2200349 i 4500 | ||
|---|---|---|---|
| 003 | EG-GICUC | ||
| 005 | 20260121101530.0 | ||
| 008 | 251221s1986 ua ||||fr|||| 00| 0 ara d | ||
| 017 | _a1986/3808 | ||
| 020 | _a9770110213 | ||
| 040 |
_a EG-GICUC _bara _c EG-GICUC _d EG-GICUC _erda |
||
| 041 | 0 | _aara | |
| 082 | 0 | 4 |
_221 _a345.4551 _bز ك . و |
| 092 | 0 | 4 | _221 |
| 099 | _aLaw1 07 345.4551 ز ك . و 2 ed - 1986 | ||
| 100 | 0 |
_aزكى محمد النجار _eمؤلف. |
|
| 245 | 1 | 2 |
_aالوجيز في تأديب العاملين بالحكومة والقطاع العام : _bدراسة نظرية تطبيقية / _cدكتور زكى محمد النجار. |
| 250 | _aالطبعة الثانية | ||
| 264 | 1 |
_aالقاهرة : _bالهيئة المصرية العامة للكتاب، _c1986. |
|
| 300 |
_a256 صفحة ؛ _c24 سم. |
||
| 336 |
_2rda content _atext |
||
| 337 |
_2rda media _aComputer |
||
| 338 |
_2rda carrier _aOnline Resource |
||
| 546 | _aالنص باللغة العربية | ||
| 650 | 1 | 4 | _aتاديب العاملين بالقطاع العام |
| 650 | 1 | 4 | _aالقانون الإدارى |
| 700 |
_aعفاف توفيق _eمراجع. |
||
| 700 |
_aسهير معطى _eمراجع. |
||
| 856 | 4 | 0 | _uhttps://fll.law.cu.edu.eg/fulltext/bks/B07-01520.pdf |
| 905 | _a77 | ||
| 942 |
_2ddc _cBK _e21 _n0 |
||
| 999 |
_c52062 _d52062 |
||